Riconosci il giocatore dalla carriera 8 - Statistics

Statistiche generali
  • Questo quiz è stato fatto 25 volte
  • Il punteggio medio è 6 su 12
Statistiche sulle risposte
Carriera Risposta % Corretto
Belgrano 2016-2018 Genoa 2018-2020 Juventus 2020 Atalanta 2020-2021 Tottenham 2021- Cristian Romero
96%
Juventus 2020-2021 Sampdoria 2021-2022 Salernitana 2022 Genoa2022-2024 Tottenham 2024- Radu Drăgușin
79%
Peñarol 2015-2016 Real M. Castilla 2016-2017 Deportivo La Coruña2017-2018 Real Madrid 2018- Federico Valverde
71%
Teleoptik 2015-2016 Partizan 2016-2017 Fiorentina 2017-2024Nottingham Forest 2024- Nikola Milenković
71%
Sutjeska Foča 2012-2013 Donji Srem 2013-2015 Borac Čačak 2015Empoli 2015-2019 Milan 2019-2024 Fenerbahçe 2024 Stella Rossa 2024- Rade Krunić
63%
Sporting Lisbona 2006-2018 Wolverhampton 2018-2021 Roma 2021-2024 Atalanta 2024-2025 Al-Ain 2025 Rui Patrício
58%
Volendam 2021-2023 Cagliari 2023-2024 Venezia 2024-2025 Parma2025- Gaetano Oristanio
54%
Lech Poznań 2012-2016 Sampdoria 2016-2020 Torino 2020-2025Kocaelispor 2025- Karol Linetty
46%
Empoli 2010-2017 Napoli 2017-2018 Sampdoria 2018-2019 Napoli2019-2020 Sampdoria 2020-2021 Empoli 2021-2024 Lorenzo Tonelli
42%
Petro Atlético 2010-2013 Rostov 2013-2016 Lazio 2016-2020 Al-AinSaudi 2020-2021 Rostov 2021-2022 Al-Ahli 2022-2023 Botafogo 2023- Bastos
21%
Manchester City 2021-2022 Southampton 2022-2023 Chelsea 2023- Roméo Lavia
21%
Kalmar 2008-2013 Lazio 2013-2016 Atalanta 2016-2019 SPAL 2019-2021 Torino 2021-2023 Empoli 2023-2024 Häcken 2025- Etrit Berisha
17%
Nessun quiz corrispondente trovato
Distribuzione punteggi
Percentuale di utenti per punteggio
Percentile per numero di risposta
I tuoi punteggi nel tempo
Non hai fatto questo quiz